Guess the Cricket Ground by Picture - Statistics

General Stats
  • This quiz has been taken 359 times
  • The average score is 5 of 16
Answer Stats
Picture Answer % Correct
Lord's
93%
Sydney Cricket Ground
75%
Old Trafford
55%
Adelaide Oval
46%
M.A. Chidambaram Stadium
32%
Newlands
30%
Galle International Stadium
29%
Feroz Shah Kotla
28%
Basin Reserve
17%
The Wanderers
13%
Gaddafi Stadium
10%
Rawalpindi Cricket Stadium
10%
Harare Sports Club
7%
Sher-e-Bangla
6%
Queens Park Oval
5%
Darren Sammy Cricket Ground
3%
No matching quizzes found
Score Distribution
Percent of People with Each Score
Percentile by Number Answered
Your Score History
You have not taken this quiz